Aprendizagem profissional para adolescentes em cumprimento de medida socioeducativa : (Record no. 1054)

MARC details
000 -LÍDER
Campo Fixo de Controle 00891nam a2200241 a 4500
001 - NÚMERO DE CONTROLE
Campo de Controle 1054
003 - IDENTIFICAÇÃO DO NÚMERO DE CONTROLE
Campo de Controle BR-CuiBMT
005 - DATA E HORA DA ÚLTIMA ATUALIZAÇÃO
Campo de Controle 20231127225017.0
008 - DADOS FIXOS
Dados Fixos 231127s2021 dfba 000 0 por d
020 ## - INTERNATIONAL STANDARD BOOK NUMBER
Nº do ISBN 9786588299852
040 ## - AGÊNCIA CATALOGADORA
Código da Agência Catalogadora BR-CuiBMT
Agência que transcreveu o registro BR-CuiBMT
080 ## - Nº DA CLASSIFICAÇÃO DECIMAL UNIVERSAL
Nº edição CDU 2007
Nº Class. CDU 377:159.922.8
090 ## - NÚMERO DE CHAMADA
Nº classificação 377:159.922.8
Cutter R467a
100 10 - ENTRADA PRINCIPAL -- AUTOR PESSOAL
Nome pessoal Rezende, Simone Beatriz Assis de
245 ## - TÍTULO PRINCIPAL
Título principal Aprendizagem profissional para adolescentes em cumprimento de medida socioeducativa :
Subtítulo desenvolvimento humano e reintegração social /
Indicação de responsabilidade Simone Beatriz Assis de Rezende .
260 ## - PUBLICAÇÃO, DISTRIBUIÇÃO, ETC.
Local de publicação Brasília :
Editora ESMPU,
Data 2021.
300 ## - DESCRIÇÃO FÍSICA
N. páginas ou volumes 474 p.
Ilustrações il.
Dimensões 23 cm
650 ## - ASSUNTO TÓPICO
Cabeçalho tópico ou nome geográfico Reintegração social
Subdivisão geográfica Brasil
650 ## - ASSUNTO TÓPICO
Cabeçalho tópico ou nome geográfico Crianças e adolescentes
Subdivisão geral Estatuto legal, leis, etc.
Subdivisão geográfica Brasil
650 ## - ASSUNTO TÓPICO
Cabeçalho tópico ou nome geográfico Educação do adolescente
Subdivisão geográfica Brasil
650 ## - ASSUNTO TÓPICO
Cabeçalho tópico ou nome geográfico Ensino profissional
Subdivisão geral Adolescentes
Subdivisão geográfica Brasil
942 ## - ELEMENTOS DE ENTRADA ADICIONAIS (KOHA)
Fonte de classificação ou esquema de arquivamento Classificação Decimal Universal
Tipo de item do Koha Livros
Holdings
Estado: removido Estado: perdido Fonte de classificação ou esquema de arquivamento Estado: danificado Indisponível para empréstimo Localização permanente Localização atual Data de aquisição Total Checkouts Número de Chamada completo Código de barras Date last seen Número do exemplar Preço efetivo a partir de Tipo de item (Koha)
    Classificação Decimal Universal     Biblioteca da Escola Superior de Contas do TCE/MT Biblioteca da Escola Superior de Contas do TCE/MT 27/11/2023   377:159.922.8 R467a BIBTCEMT23111178 27/11/2023 Ex. 1 27/11/2023 Livros

Powered by Koha